Estatísticas para Maiores Concelhos de Portugal em km2

Clique aqui para jogar o quiz

Estatísticas Gerais

  • Esse quiz foi jogado 111 vezes
  • A pontuação média é 5 de 10

Estatísticas das Respostas

ÁreaConcelho% Correto
1140 km2Beja
88%
1307 km2Évora
76%
1438 km2Castelo Branco
67%
1720 km2Odemira
67%
1174 km2Bragança
66%
1279 km2Mértola
41%
1480 km2Alcácer do Sal
38%
1413 km2Idanha-a-Nova
36%
1113 km2Coruche
30%
1232 km2Montemor-o-Novo
27%

Distribuição das Pontuações

Percentil de Números Respondidos

Porcentagem de Pessoas com Cada Pontuação

Sua Pontuação Histórica

Você não jogou esse quiz